• 首页
  • 本馆介绍
  • 公告通知
  • 最新文献
  • 馆藏检索
  • 电子资源
  • 读者导购
  • 参考咨询
  • 我的图书馆
  • 登录
  • 详细信息显示
  • 放入我的书架
  • 预约/预借图书
  • 作者相关作品
  • 分类相关作品
  • 丛书相关作品
  • 出版社相关作品

书目信息

  • 表格格式
  • 工作单格式
  • 卡片格式
题名:
电子管收音机
    
 
作者: 甘泉 编
分册:  
出版信息: 沈阳   辽宁人民出版社  1982
页数: 217页
开本: 21cm
丛书名:
单 册:
中图分类: TN859
科图分类:
主题词: 接收机 , 收音机
电子资源:
ISBN:
000 00608nam0 2200241 45
001 0182006765
005 20060814090232.81
010    @dCNY0.72
091    @a15090.110
100    @a19950614d1982 em y0chiy0121 ea
101 0  @achi
102    @aCN@b210000
105    @ay z 000yy
200 10 @a电子管收音机@Adian zi guan shou yin ji@f甘泉编
210    @a沈阳@c辽宁人民出版社@d1982
215    @a217页@d21cm
606 0  @a接收机
606 0  @a收音机
690    @aTN859
701  0 @a甘泉@Agan quan@4编
801  2 @aCN@bNLC@c20060814
801  0 @aCN@b上海图书馆@c20040707
905    @f1@b160246@dTN859@e36
    
    电子管收音机/甘泉编.-沈阳:辽宁人民出版社,1982
    217页;21cm
    
    
    ISBN :CNY0.72
    
●
相关链接 在E读中查询图书 在五车中查询图书 在当当中查询图书 在豆瓣中查询图书


正题名:电子管收音机     索取号:TN859/36         预约/预借

序号 登录号 条形码 馆藏地/架位号 状态 备注
1 0160246   001321545   第三借阅区/ [索取号:TN859/36] 在馆    
2 0160247   202120677   第二样本阅览室/ [索取号:TN859/36] 在馆    
3 0458073   204580738   密集书库/ [索取号:TN859/36] 在馆    
4 0458074   204580747   密集书库/ [索取号:TN859/36] 在馆    
5 0458075   204580756   密集书库/ [索取号:TN859/36] 在馆    
唐山师范学院图书馆 欢迎您!
大连网信软件有限公司© 版权所有